Online
Catalog

Lengua y Literatura 1 : (Record no. 55832)

MARC details
000 -CABECERA
campo de control de longitud fija 01656nam a2200349 i 4500
003 - IDENTIFICADOR DEL NÚMERO DE CONTROL
campo de control DO-SdBNP
005 - FECHA Y HORA DE LA ÚLTIMA TRANSACCIÓN
campo de control 20240305073652.0
007 - CAMPO FIJO DE DESCRIPCIÓN FÍSICA--INFORMACIÓN GENERAL
campo de control de longitud fija ta
008 - DATOS DE LONGITUD FIJA--INFORMACIÓN GENERAL
campo de control de longitud fija 240207b2005 ao||| |||| 00| 0 spa d
020 ## - NÚMERO INTERNACIONAL ESTÁNDAR DEL LIBRO
Número Internacional Estándar del Libro 994511042X
040 ## - FUENTE DE LA CATALOGACIÓN
Centro catalogador/agencia de origen DO-SdBNP
Lengua de catalogación spa
Centro/agencia transcriptor BNPHU
Normas de descripción rda
082 4# - NÚMERO DE LA CLASIFICACIÓN DECIMAL DEWEY
Número de edición 22
Número de documento/Ítem I37
100 ## - ENTRADA PRINCIPAL--NOMBRE DE PERSONA
Nombre de persona Incháustegui, María Isabel
9 (RLIN) 29568
245 10 - MENCIÓN DE TÍTULO
Título Lengua y Literatura 1 :
Resto del título educación media ; 1er. grado ; primer ciclo /
Mención de responsabilidad, etc. María Isabel Incháustegui, Manuel García Cartagena ; dirección Obdulia García de Escobar ; fotografía José Luis Abad
264 #1 - PRODUCCIÓN, PUBLICACIÓN, DISTRIBUCIÓN, FABRICACIÓN Y COPYRIGHT
Producción, publicación, distribución, fabricación y copyright Santo Domingo :
Nombre del de productor, editor, distribuidor, fabricante Santillana,
Fecha de producción, publicación, distribución, fabricación o copyright 2005.
300 ## - DESCRIPCIÓN FÍSICA
Extensión 279 páginas
Otras características físicas ilustración, fotografías
Dimensiones 27 cm
336 ## - TIPO DE CONTENIDO
Fuente rdacontent
Término de tipo de contenido texto
Código de tipo de contenido txt
337 ## - TIPO DE MEDIO
Fuente rdamedia
Nombre/término del tipo de medio sin mediación
Código del tipo de medio n
338 ## - TIPO DE SOPORTE
Fuente rdacarrier
Nombre/término del tipo de soporte volumen
Código del tipo de soporte nc
490 ## - MENCIÓN DE SERIE
Mención de serie Ambar
500 ## - NOTA GENERAL
Nota general Libro de texto.
500 ## - NOTA GENERAL
Nota general Educación media.
505 ## - NOTA DE CONTENIDO CON FORMATO
Información miscelánea Unidad 1 --
Título Reflexionar en tiempos difíciles --
Información miscelánea Unidad 2 --
Título Creencias propias y ajenas --
Información miscelánea Unidad 3 --
Título Parques de singular belleza --
Información miscelánea Unidad 4 --
Título Muchas culturas en una sola --
Información miscelánea Unidad 5 --
Título En defensa de la ley --
Información miscelánea Unidad 6 --
Título El sentido del deber --
Información miscelánea Unidad 7 --
Título La cultura del diálogo --
Información miscelánea Unidad 8 --
Título Sociedad del conocimiento --
Información miscelánea Unidad 9 --
Título Cultura de la solidaridad --
Información miscelánea Unidad 10 --
Título Las vueltas de la vida /
590 ## - NOTA LOCAL (RLIN)
Nota local Inventariado, 2024/ YL
650 40 - PUNTO DE ACCESO ADICIONAL DE MATERIA--TÉRMINO DE MATERIA
9 (RLIN) 43315
Término de materia o nombre geográfico como elemento de entrada Lengua y literatura
650 40 - PUNTO DE ACCESO ADICIONAL DE MATERIA--TÉRMINO DE MATERIA
9 (RLIN) 5023
Término de materia o nombre geográfico como elemento de entrada Literatura
Subdivisión general Enseñanza
700 1# - PUNTO DE ACCESO ADICIONAL--NOMBRE DE PERSONA
Nombre de persona García Cartagena, Manuel
9 (RLIN) 80475
700 1# - PUNTO DE ACCESO ADICIONAL--NOMBRE DE PERSONA
Nombre de persona García Cartagena, Manuel
Término indicativo de función/relación dirección
9 (RLIN) 12067
700 1# - PUNTO DE ACCESO ADICIONAL--NOMBRE DE PERSONA
Nombre de persona Abad, José Luis
Término indicativo de función/relación fotografía
9 (RLIN) 84871
910 ## - DATOS DE OPCIÓN DEL USUARIO (OCLC)
Datos de opción del usuario Ylockward
942 ## - ELEMENTOS DE PUNTO DE ACCESO ADICIONAL (KOHA)
Fuente del sistema de clasificación o colocación Dewey Decimal Classification
Tipo de ítem Koha Libro
Holdings
Estado de retiro Estado de pérdida Fuente del sistema de clasificación o colocación Restricciones de uso No para préstamo Código de colección Localización permanente Ubicación/localización actual Ubicación en estantería Fecha de adquisición Fuente de adquisición Total de préstamos Signatura topográfica completa Código de barras Fecha visto por última vez Precio válido a partir de Tipo de ítem Koha
    Dewey Decimal Classification Excluido de préstamo   Infantojuvenil Patrimonio Dominicano Biblioteca Nacional Pedro Henríquez Ureña Biblioteca Nacional Pedro Henríquez Ureña En catalogación 16.12.2021 Colegio Nuestra Señora de Lourdes   BNPHU CIJ-PD 372.4 R426l 2024-0782 07.02.2024 07.02.2024 Libro

Powered by Koha